| 000 | 01103nam a22002297a 4500 | ||
|---|---|---|---|
| 003 | 0 | ||
| 005 | 20251107142017.0 | ||
| 008 | 251107b xxu||||| |||| 00| 0 eng d | ||
| 020 | _a978-0-06-072675-1 | ||
| 050 |
_aPQ 9698.13.O352 _b.C672 E45 2004 |
||
| 100 |
_aCoelho, Paulo, _eauthor. |
||
| 245 |
_aEleven minutes / _cPaulo Coelho ; translated from the Portuguese by Margaret Jull Costa. |
||
| 260 |
_aNew York : _bHarper, _cc2004. |
||
| 300 |
_a273 pages ; _c18 cm. |
||
| 500 | _aOriginally published in Portuguese. Translated from the Portuguese by Margaret Jull Costa. | ||
| 520 | _aThe story of Maria, a young Brazilian woman who travels to Europe in search of adventure and independence, but finds herself working as a prostitute. Through her relationships and personal reflections, she begins a journey of emotional and spiritual discovery, exploring the nature of love, passion, and inner freedom. | ||
| 650 |
_aProstitutes _vFiction. |
||
| 650 |
_aLove _vFiction. |
||
| 650 |
_aSelf-actualization (Psychology) _vFiction. |
||
| 700 |
_aCosta, Margaret Jull, _etranslator. |
||
| 942 |
_2lcc _cBK |
||
| 999 |
_c368498 _d368498 |
||